Normal view MARC view

Entry Nombre personal

Number of records used in: 49

001 - NÚMERO DE CONTROL

  • campo de control: 80507

003 - IDENTIFICADOR DE NÚMERO DE CONTROL

  • campo de control: OSt

005 - FECHA Y HORA DE LA ÚLTIMA TRANSACCIÓN

  • campo de control: 20230222192442.0

008 - ELEMENTOS DE DATO DE LONGITUD-FIJA

  • campo de control de longitud fija: 030304 n acnnnaaan n bnn d

040 ## - FUENTE DE CATALOGACIÓN

  • Centro catalogador/agencia de origen: OSt
  • Centro/agencia transcriptor: OSt

100 1# - ENCABEZAMIENTO-NOMBRE DE PERSONA

  • Nombre de persona: Mérimée, Prosper (
  • Fechas asociadas al nombre: 1803-1870)

400 1# - TRAZADO DE VÉASE--NOMBRE DE PERSONA

  • Nombre de persona: Gazul, Clara

400 1# - TRAZADO DE VÉASE--NOMBRE DE PERSONA

  • Nombre de persona: L'Estrange, Joseph

400 1# - TRAZADO DE VÉASE--NOMBRE DE PERSONA

  • Nombre de persona: Mérimée, Próspero (
  • Fechas asociadas al nombre: 1803-1870)